| 000 | 01913nmm a2200325 i 4500 | ||
|---|---|---|---|
| 001 | 768714001 | ||
| 003 | CO-MdFUSB | ||
| 005 | 20250731105338.0 | ||
| 008 | 160602b ck||||| |||| 00| 0 spa d | ||
| 040 |
_aCO-MdFUSB _bEspañol _cCO-MdFUSB _dCO-MdFUSB |
||
| 041 | _aspa | ||
| 043 | _ack | ||
| 100 |
_aHinestroza, Johan _eautor |
||
| 245 |
_aUna descripción de la liturgia de la iglesia Comunidad Cristiana de Fe en Medellín _c/ Johan Hinestroza ; asesorado por Jhohan Centeno _h[electrónico] |
||
| 264 |
_aMedellín, Colombia : _bFUSBC, _c2015 |
||
| 300 | _a51 páginas | ||
| 336 |
_2rdacontent _atexto _btxt |
||
| 337 |
_2rdamedia _ainformático _bc |
||
| 338 |
_2rdacarrier _aremoto _bcr |
||
| 502 |
_aTrabajo de grado _bTeología -- _cFundación Universitaria Seminario Bíblico de Colombia, _d2015 |
||
| 505 | _aDocumentación bibliográfica -- ¿Orígenes o bases bíblicas del culto? -- ¿Liturgia u orden del culto? -- Análisis del trabajo de campo | ||
| 520 | _aPor su desarrollo y evolución en el contexto de América Latina, el Pentecostalismo ha irrumpido abiertamente en la teología dentro de la iglesia protestante, convirtiéndose así, en objeto de estudio en algunos ambientes académicos. Por tal razón esta investigación propende contribuir a las investigaciones en el área del Pentecostalismo, específicamente en el campo de la liturgia. Ésta se da por medio de una descripción de la liturgia de la iglesia Comunidad Cristiana de Fe en Medellín. Dicho trabajo se estableció a través de una caracterización de la iglesia enfocada en la liturgia en tres aspectos principales: base, forma y significado. | ||
| 535 | _aRecurso en REPCI | ||
| 650 | 7 |
_aLiturgia _9206 |
|
| 653 | _aMovimiento Misionero Mundial | ||
| 653 | _aIglesia cristiana | ||
| 700 |
_aCenteno, Jhohan, _eAsesor _990 |
||
| 856 |
_aREPCI _uhttps://repositorio.repci.co/handle/123456789/690 |
||
| 942 | _cTG | ||
| 999 |
_c63718 _d63718 |
||